| 000 | 005100000a22001690004500 | ||
|---|---|---|---|
| 003 | MACL | ||
| 005 | 20160304153241.0 | ||
| 008 | 160304b xxu||||| |||| 00| 0 eng d | ||
| 040 |
_aMACL _cMACL |
||
| 041 | _aHindi | ||
| 082 | _a891.431 | ||
| 100 |
_aगुप्त श्रीमैथिलीशरण _942643 |
||
| 245 | _aरूबाइयात उमर खययाम | ||
| 260 |
_bसाहित्य सदन _aझॉसी |
||
| 650 |
_aPoetry _942720 |
||
| 942 |
_cHIN _k891.431 _2ddc |
||
| 999 |
_c25590 _d25590 |
||